000 00322nam a2200085Ia 4500
008 220203s9999 xx 000 0 und d
245 0 _a19th Biennial Symposium on Plantation Crops: Climate Change, Placrosym XIX, 7-10 December 2010, Kottayam, India
260 _bRubber Research Institute of India
_aKottayam
_c2010
942 _cPN
999 _c45239
_d45239